000 00862nam a2200265 a 4500
003 BD-DhJNU
005 20240909052716.0
008 970508s1998 coua b 001 0 eng
020 _a155587603X (hc : alk. paper)
020 _a1555877842 (pb : alk. paper)
040 _aBD-DhJNU
_bENG
_cBD-DhJNU
_dBD-DhJNU
082 0 0 _a303.482 BUS
_223
100 1 _aBuzan, Barry
245 1 0 _aSecurity :
_ba new framework for analysis /
_cBarry Buzan, Ole W ver, and Jaap de Wilde.
260 _aBoulder, Colo. :
_bLynne Rienner Pub. ,
_c1998.
300 _aviii, 239 p. :
_bill.
_c24 cm.
504 _aIncludes bibliographical references and index.
650 0 _aSecurity, International.
650 0 _aNational security.
650 0 _aRegionalism.
650 0 _aInternational economic relations.
700 1 _aW ver, Ole
700 1 _aWilde, Jaap de.
942 _cBK
999 _c727
_d727